00870nam a22001935i 4500001000700000003000900007005001700016008004100033040003000074080002100104100002400125245010500149260005400254300002100308490012300329700003100452830012800483852006500611167006ES-MaACL20251015191012.0010511s1842 sp |||| | spa d aCCPB | B bspa cCCPB | B a821.133.1-23"18"1 aVarin (d1798-1869)13aEl ciego b: comedia en un acto / cescrita en francés por Varin ; (traducción de J. del Peral). a[Madrid : bs.n., c1842] (fimp. de F. Suárez) a14 p. ; c25 cm.1 aMuseo dramático ó Colección de comedias del teatro estrangero, representado en los principales de la corte ; v21 aPeral, Juan del, dm. 188800aMuseo dramático ó Colección de comedias del teatro estranjero representadas en los principales teatros de la cortev2 aES-MaACLjF-7488(2) z-- Enc. hol.- Enc. en un vol. facticio